Korea

Guardado en:
Detalles Bibliográficos
Formato: Libro
Lenguaje:inglés
Publicado: Paris OECD 2016
Colección:OECD economic surveys
Materias:
Etiquetas: Agregar Etiqueta
Sin Etiquetas, Sea el primero en etiquetar este registro!

MARC

LEADER 00000nam a2200000 4500
001 0228494
005 20240314123114.4
020 |a 978-92-64-25718-4 
022 |a 1995-364X 
041 0 |a eng 
044 |a FR 
245 1 0 |a Korea 
264 1 |a Paris  |b OECD  |c 2016 
300 |a 165 s. 
490 1 |a OECD economic surveys 
830 0 |a OECD economic surveys 
610 2 0 |a inflácia 
610 2 0 |a podnikanie 
610 2 0 |a produktivita 
610 2 0 |a trh práce 
610 2 0 |a chudoba 
610 2 0 |a inovácia 
610 2 0 |a reformy štruktúrne 
610 2 0 |a kapitál ľudský 
610 2 0 |a Kórea